कुण्डलिनी: (Record no. 215544)

MARC details
000 -LEADER
fixed length control field 00796nam a22001817a 4500
005 - DATE AND TIME OF LATEST TRANSACTION
control field 20260313170746.0
010 ## - LCCN (DPL NO)
LC control number BACHN26
020 ## - INTERNATIONAL STANDARD BOOK NUMBER
International Standard Book Number 9789367295540
Terms of availability 696.00
037 ## - SOURCE OF ACQUISITION
Source of stock number/acquisition इंदु बुक सर्विसेज
082 ## - DEWEY DECIMAL CLASSIFICATION NUMBER
Edition number 1
Classification number 294.543
100 ## - MAIN ENTRY--PERSONAL NAME
Personal name पूनिया , सुमन
245 ## - TITLE STATEMENT
Title कुण्डलिनी:
Remainder of title जागरण की रहस्यमय शक्ति /
Statement of responsibility, etc सुमन पूनिया [और] सोमवीर आर्य
250 ## - EDITION STATEMENT
Edition statement 1
260 ## - PUBLICATION, DISTRIBUTION, ETC. (IMPRINT)
Name of publisher, distributor, etc इंदु बुक सर्विसेज
Date of publication, distribution, etc 2025
Place of publication, distribution, etc नई दिल्ली
300 ## - PHYSICAL DESCRIPTION
Extent 113पृ.
Dimensions 22सेमी(साजिल्द)
700 ## - ADDED ENTRY--PERSONAL NAME
Personal name आर्य, सोमवीर
9 (RLIN) 88415
942 ## - ADDED ENTRY ELEMENTS (KOHA)
Source of classification or shelving scheme Dewey Decimal Classification
Call number suffix पूनिया
Item type Hindi Books
Classification part 294.543

No items available.


© Delhi Public Library
Hit Counter
free hit counter